| 000 | 01036nam a2200325 i 4500 | ||
|---|---|---|---|
| 001 | 66952 | ||
| 003 | ES-MaACL | ||
| 005 | 20230906165917.0 | ||
| 007 | t| | ||
| 008 | 040423s2003 sp ||||1| spa d | ||
| 020 | _a84-7506-559-7 | ||
| 080 | _a330.342.3 | ||
| 080 | _a339.9 | ||
| 080 | _a338.124 | ||
| 100 | 1 |
_aJames, Harold. _965966 |
|
| 245 | 1 | 3 |
_aEl fin de la globalización _b: lecciones de la gran depresión / _cHarold James ; traducción de Eduardo Stupia. |
| 250 | _a1ª ed. en español. | ||
| 260 |
_aMadrid : _bTurner, _c2003. |
||
| 300 |
_a310 p. ; _c23 cm. |
||
| 490 | 1 |
_aColección Economía y finanzas ; _v2 |
|
| 500 | _aIndice. | ||
| 650 | 4 |
_aGlobalización- _xAspectos económicos. _913128 |
|
| 650 | 1 | 4 |
_aEconomía internacional- _yS.XX. _912032 |
| 650 | 1 | 4 |
_aCrisis económicas. _911421 |
| 700 | 1 |
_aStupia, Eduardo. _9108506 |
|
| 830 | 0 |
_aColección Economía y finanzas ; _v2 _9230858 |
|
| 852 |
_aES-MaACL _jL-27453 _bR.133113 |
||
| 852 |
_aES-MaACL _jL-27758 _bR.133348 |
||
| 999 |
_c66952 _d66952 |
||